| 000 | 01257cam a22003375a 4500 | ||
|---|---|---|---|
| 001 | 16775227 | ||
| 005 | 20201128023715.0 | ||
| 008 | 110512s2013 enka frd f001 0 eng d | ||
| 020 | _a9780521125659 (pbk.) | ||
| 020 | _a0521125650 (pbk.) | ||
| 040 |
_aUKM _cUKM _dDLC _dEG-ScBUE _beng |
||
| 082 | 0 | 4 |
_a428.007 _222 _bSPR |
| 100 | 1 |
_aSpratt, Mary. _939785 |
|
| 245 | 1 | 4 |
_aThe TKT course : _bteaching knowledge test : modules 1, 2 and 3 / _cMary Spratt, Alan Pulverness, Melanie Williams. |
| 246 | 2 | _aThe teaching knowledge test course | |
| 250 | _a2nd ed., 7th printing. | ||
| 260 |
_aCambridge ; _aNew York : _bCambridge University Press, _c2013. |
||
| 300 |
_a256 p. : _bill. ; _c25 cm. |
||
| 490 | 0 | _aCambridge English | |
| 500 | _aOfficial preparation material for teaching knowledge test (TKT) | ||
| 500 | _aIncludes glossary. | ||
| 650 | 7 |
_aEnglish language _xExaminations _vStudy guides. _2BUEsh _92391 |
|
| 650 | 0 |
_aEnglish teachers _xTraining of. _2BUEsh |
|
| 650 | 0 |
_aEducation, Bilingual _xTeacher training. _2BUEsh |
|
| 651 | _2BUEsh | ||
| 653 |
_bEEENG _cApril2016 |
||
| 650 | 7 |
_934 _aEnglish language _xStudy and teaching _xForeign speakers _2BUEsh |
|
| 700 | 1 | _aPulverness, Alan. | |
| 700 | 1 |
_aWilliams, Melanie, _d1952- |
|
| 942 | _2ddc | ||
| 999 |
_c21590 _d21562 |
||